000 00698nam a2200229 a 4500
005 20240424063758.0
008 040305s1996 mx r 000 0 spa d
020 _a9507244158
035 _aUPN01000132513
049 _aCG
050 4 _aHV40
_bA5.3 1996
100 1 _aAnder-Egg, Ezequiel,
_d1930-
_928724
245 1 0 _aIntroducción al trabajo social /
_cEzequiel Ander-Egg.
250 _a2a ed.
260 _aBuenos Aires :
_bLumen/Hvmanitas,
_cc1996.
300 _a368 p. :
_bil.
440 0 _aPolítica, servicios y trabajo social
650 4 _aServicio social
_xEducación
_914574
650 4 _aTRABAJADORES SOCIALES
_96494
650 4 _aSERVICIO SOCIAL -
_xMETODOLOGIA
905 _aLibro
999 _c104667
_d104667